Uncontested U.S. House Seats in 2024 - Statistics

General Stats
  • This quiz has been taken 11 times
  • The average score is 9 of 12
Answer Stats
Seats State % Correct
37 California
91%
20 Florida
91%
1, 9, 11, 13, 19, 20, 25, 30 Texas
91%
3, 4, 5 Alabama
82%
15, 16 Illinois
82%
1, 2, 3, 4, 5, 6, 7 Massachusetts
82%
3 Pennsylvania
73%
4, 5 Kentucky
64%
3 Mississippi
64%
3, 6 North Carolina
64%
3 Oklahoma
64%
2 Nevada
55%
No matching quizzes found
Score Distribution
Percent of People with Each Score
Percentile by Number Answered
Your Score History
You have not taken this quiz